Digital photography / (Record no. 15978)

MARC details
000 -LEADER
fixed length control field 00822nam a22002537a 4500
003 - CONTROL NUMBER IDENTIFIER
control field OSt
005 - DATE AND TIME OF LATEST TRANSACTION
control field 20260406044721.0
008 - FIXED-LENGTH DATA ELEMENTS--GENERAL INFORMATION
fixed length control field 260406t2005 |||||||| |||| 00| | eng d
020 ## - INTERNATIONAL STANDARD BOOK NUMBER
International Standard Book Number 1-84533-017-X
040 ## - CATALOGING SOURCE
Transcribing agency JMCFI - Learning Resource Center
082 ## - DEWEY DECIMAL CLASSIFICATION NUMBER
Classification number F.P./IT.Ed. 770 An581 2005
100 ## - MAIN ENTRY--PERSONAL NAME
Personal name Ang, Tom
9 (RLIN) 47863
245 ## - TITLE STATEMENT
Title Digital photography /
Statement of responsibility, etc. Tom Ang.
250 ## - EDITION STATEMENT
Edition statement New edition.
260 ## - PUBLICATION, DISTRIBUTION, ETC.
Place of publication, distribution, etc. London :
Name of publisher, distributor, etc. Octopus Publishing Group Ltd.,
Date of publication, distribution, etc. 2005.
300 ## - PHYSICAL DESCRIPTION
Extent 159 pages :
Other physical details colored, illus. ;
Dimensions 27 cm
500 ## - GENERAL NOTE
General note Includes indexes, glossary and biographical records.
504 ## - BIBLIOGRAPHY, ETC. NOTE
Bibliography, etc. note Includes bibliographical references.
650 ## - SUBJECT ADDED ENTRY--TOPICAL TERM
Topical term or geographic name entry element Photography.
9 (RLIN) 3144
650 ## - SUBJECT ADDED ENTRY--TOPICAL TERM
Topical term or geographic name entry element Digital photography.
9 (RLIN) 3145
650 ## - SUBJECT ADDED ENTRY--TOPICAL TERM
Topical term or geographic name entry element Digital camera.
9 (RLIN) 47864
650 ## - SUBJECT ADDED ENTRY--TOPICAL TERM
Topical term or geographic name entry element Image processing.
9 (RLIN) 36768
942 ## - ADDED ENTRY ELEMENTS (KOHA)
Source of classification or shelving scheme Dewey Decimal Classification
Koha item type Books
Edition New edition
Suppress in OPAC No
Holdings
Withdrawn status Lost status Source of classification or shelving scheme Damaged status Not for loan Home library Current library Shelving location Date acquired Total Checkouts Full call number Barcode Date last seen Copy number Price effective from Koha item type
    Dewey Decimal Classification     LRC - College (Main) LRC - College (Main) Foreign Publications - Information Technology Education 06/09/2006   F.P./IT.Ed. 770 An581 2005 00010500 04/06/2026 1 04/06/2026 Books